[Event "Landsturneringen - Elite"]
[Site "Oslo"]
[Date "2011.07.05"]
[Round "4"]
[White "Djurhuus, Rune"]
[Black "Smith, Axel"]
[Result "0-1"]
[WhiteElo "2459"]
[BlackElo "2450"]
[PlyCount "118"]
[EventDate "2011.??.??"]
[EventType "swiss"]
[EventRounds "9"]

1. e4 e5 2. Nf3 Nc6 3. Bb5 Nf6 4. O-O Nxe4 5. d4 Nd6 6. Bg5 f6 7. Bxc6 dxc6 8.
Nxe5 fxg5 9. Qh5+ g6 10. Nxg6 hxg6 11. Qxh8 Qe7 12. Nd2 Be6 13. Rfe1 O-O-O 14.
Nf3 Nf7 15. Qh7 Qf6 16. h4 g4 17. Ng5 Nxg5 18. hxg5 Qf7 19. Qxf7 Bxf7 20. Re4
g3 21. fxg3 c5 22. Rf1 Bxa2 23. dxc5 Bxc5+ 24. Kh2 Rd2 25. b3 Rxc2 26. Rf6 Bxb3
27. Rxg6 b5 28. Rf6 Bd5 29. Re5 Bxg2 30. g6 Bd4 31. Rf8+ Kb7 32. Rxb5+ Kc6 33.
Rg5 Bf1+ 34. Kh1 Bg2+ 35. Kh2 Bg7 36. Rf7 Bd5+ 37. Kh3 Be6+ 38. g4 Rc3+ 39. Kh4
Bxf7 40. gxf7 Bf8 41. Rg8 Be7+ 42. g5 Rf3 43. Rg7 Rf1 44. Kg4 Bf8 45. Rh7 Kd7
46. g6 Ke6 47. Rh8 Rg1+ 48. Kf4 Ke7 49. Kf5 Rf1+ 50. Kg5 Rg1+ 51. Kf5 Rb1 52.
Rh7 Rb5+ 53. Kf4 Kf6 54. Rh8 Rb8 55. Rg8 Bh6+ 56. Ke4 Rf8 57. Kd5 Bg7 58. Kc6
Kxg6 59. Kxc7 Kxf7 0-1

[Event "Landsturneringen - Elite"]
[Site "Oslo"]
[Date "2011.07.06"]
[Round "5"]
[White "Getz, Nicolai"]
[Black "Johannessen, Leif Erlend"]
[Result "1/2-1/2"]
[WhiteElo "2385"]
[BlackElo "2496"]
[PlyCount "64"]
[EventDate "2011.??.??"]
[EventType "swiss"]
[EventRounds "9"]

1. d4 f5 2. c4 Nf6 3. Nc3 e6 4. g3 Bb4 5. Bg2 O-O 6. Nf3 Ne4 7. Qc2 Nc6 8. O-O
Bxc3 9. bxc3 Na5 10. c5 d6 11. cxd6 cxd6 12. c4 Bd7 13. Nd2 d5 14. Nxe4 fxe4
15. cxd5 exd5 16. Qc5 Bg4 17. f3 exf3 18. exf3 b6 19. Qxf8+ Qxf8 20. fxg4 Qd6
21. Rf5 Re8 22. Bxd5+ Kh8 23. Bf4 Qb4 24. Be5 Rxe5 25. dxe5 Qd4+ 26. Rf2 Qxa1+
27. Kg2 h6 28. Rf8+ Kh7 29. Bg8+ Kg6 30. Bf7+ Kh7 31. Bg8+ Kg6 32. Bf7+ Kh7
1/2-1/2

[Event "Landsturneringen - Elite"]
[Site "Oslo"]
[Date "2011.07.06"]
[Round "5"]
[White "Forså, Espen"]
[Black "Østenstad, Berge"]
[Result "1/2-1/2"]
[WhiteElo "2321"]
[BlackElo "2462"]
[PlyCount "90"]
[EventDate "2011.??.??"]
[EventType "swiss"]
[EventRounds "9"]

1. c4 e5 2. g3 Nf6 3. Bg2 d5 4. cxd5 Nxd5 5. Nc3 Nb6 6. Nf3 Nc6 7. O-O Be7 8.
a3 O-O 9. b4 Be6 10. Rb1 f6 11. d3 a5 12. b5 Nd4 13. Nd2 Qc8 14. Bb2 Rd8 15. e3
Nf5 16. Qc2 a4 17. Ne2 Nd6 18. d4 Nxb5 19. dxe5 fxe5 20. Be4 Nxa3 21. Bxh7+ Kh8
22. Qg6 Bf5 23. Qxf5 Qxf5 24. Bxf5 Rxd2 25. Bxa3 Bxa3 26. Nc3 Rf8 27. g4 Be7
28. Be4 Bh4 29. f4 exf4 30. exf4 Bf6 31. Rf3 g5 32. Nb5 Be7 33. Rh3+ Kg8 34.
Nxc7 Rxf4 35. Bh7+ Kf7 36. Bf5 Bc5+ 37. Kh1 Rdf2 38. Ne6 Rf1+ 39. Rxf1 Rxf1+
40. Kg2 Rg1+ 41. Kf3 Be7 42. Rh7+ Kf6 43. Ke4 Re1+ 44. Kd4 Rd1+ 45. Ke4 Re1+
1/2-1/2

[Event "Landsturneringen - Elite"]
[Site "Oslo"]
[Date "2011.07.06"]
[Round "5"]
[White "David, Edwin"]
[Black "Moen, Andreas"]
[Result "1-0"]
[WhiteElo "2277"]
[BlackElo "2333"]
[PlyCount "114"]
[EventDate "2011.??.??"]
[EventType "swiss"]
[EventRounds "9"]

1. e4 e5 2. Nf3 Nf6 3. Nxe5 d6 4. Nf3 Nxe4 5. Nc3 Nxc3 6. dxc3 Be7 7. Be3 Nc6
8. Qd2 O-O 9. O-O-O Re8 10. Kb1 a6 11. h4 Bg4 12. Be2 Qd7 13. h5 h6 14. Bd3 Ne5
15. Nxe5 dxe5 16. Bxh6 e4 17. Bxe4 Qxd2 18. Bxd2 Bxd1 19. Rxd1 Bg5 20. Bxg5
Rxe4 21. g3 Rae8 22. Be3 f6 23. b3 Kf7 24. Kb2 Ke6 25. c4 Rh8 26. c5 Ke7 27.
Rh1 g6 28. h6 g5 29. Kc3 Kf7 30. b4 Kg6 31. a3 Rxh6 32. Rd1 Re8 33. a4 Rhh8 34.
Rd7 Rh7 35. Rd1 c6 36. Rd6 Rhe7 37. Bd4 Re6 38. Rd7 R6e7 39. Rd6 Re6 40. Rd7
R8e7 41. Rd8 Kf5 42. Kd3 Kg4 43. c4 Kf3 44. b5 g4 45. b6 Re1 46. Rf8 Rd1+ 47.
Kc3 Rxd4 48. Rxf6+ Kg2 49. Kxd4 Re2 50. Rf4 Kh3 51. Rf7 Kg2 52. Rxb7 Kxf2 53.
Rg7 Kxg3 54. b7 Re8 55. Rc7 Rb8 56. Ke5 Kf3 57. Kd6 g3 1-0

[Event "Landsturneringen - Elite"]
[Site "Oslo"]
[Date "2011.07.06"]
[Round "5"]
[White "Smith, Axel"]
[Black "Kovachev, Daniel J"]
[Result "1/2-1/2"]
[WhiteElo "2450"]
[BlackElo "2315"]
[PlyCount "36"]
[EventDate "2011.??.??"]
[EventType "swiss"]
[EventRounds "9"]

1. e4 e5 2. Nf3 Nc6 3. Bc4 Bc5 4. O-O d6 5. c3 Nf6 6. d4 Bb6 7. a4 a6 8. dxe5
Nxe5 9. Nxe5 dxe5 10. Qf3 O-O 11. h3 h6 12. b3 Qe7 13. Rd1 Bd7 14. Nd2 Rfd8 15.
Nf1 Be6 16. Ba3 Qe8 17. Bxe6 Qxe6 18. c4 Bd4 1/2-1/2

[Event "Landsturneringen - Elite"]
[Site "Oslo"]
[Date "2011.07.06"]
[Round "5"]
[White "Gabrielsen, Trond"]
[Black "Grønn, Atle"]
[Result "1/2-1/2"]
[WhiteElo "2290"]
[BlackElo "2409"]
[PlyCount "121"]
[EventDate "2011.??.??"]
[EventType "swiss"]
[EventRounds "9"]

1. e4 c5 2. c3 d5 3. exd5 Qxd5 4. d4 Nf6 5. Nf3 Bg4 6. dxc5 Qxc5 7. Be3 Qc7 8.
h3 Bd7 9. Na3 e6 10. Nb5 Bxb5 11. Bxb5+ Nbd7 12. Qa4 Bd6 13. Rd1 Ke7 14. Bxd7
Qxd7 15. Qb3 Qc7 16. O-O Rhd8 17. Rd4 Kf8 18. Rfd1 Kg8 19. Bg5 Be7 20. Bxf6
gxf6 21. Qb5 Rxd4 22. Rxd4 Rd8 23. Rxd8+ Bxd8 24. Qa4 a6 25. Qg4+ Kf8 26. Qd4
Be7 27. Kf1 Qc6 28. b3 b5 29. Qd3 Kg7 30. Nd4 Qc7 31. Qe3 Bd6 32. g3 f5 33. Ke2
f4 34. gxf4 Bxf4 35. Qe4 Qe5 36. Qxe5+ Bxe5 37. Kd3 Kg6 38. c4 bxc4+ 39. bxc4
Bd6 40. Nb3 Kg5 41. c5 Bc7 42. c6 Kh4 43. Nc5 a5 44. Ke2 Kxh3 45. Kf1 e5 46.
Na6 Bd6 47. c7 Bxc7 48. Nxc7 f5 49. a4 h5 50. Nd5 f4 51. Nf6 Kh4 52. Kg2 Kg5
53. Ne4+ Kf5 54. f3 Ke6 55. Nd2 Kd5 56. Nb3 e4 57. fxe4+ Kxe4 58. Nxa5 h4 59.
Nc4 Kd5 60. Nb2 Kc5 61. Nd3+ 1/2-1/2

[Event "Landsturneringen - Elite"]
[Site "Oslo"]
[Date "2011.07.07"]
[Round "6"]
[White "Hole, Øystein"]
[Black "Grønn, Atle"]
[Result "1/2-1/2"]
[WhiteElo "2383"]
[BlackElo "2409"]
[PlyCount "109"]
[EventDate "2011.??.??"]
[EventType "swiss"]
[EventRounds "9"]

1. Nf3 Nf6 2. c4 b6 3. g3 c5 4. Bg2 Bb7 5. Nc3 g6 6. O-O Bg7 7. d4 cxd4 8. Qxd4
d6 9. Rd1 Nbd7 10. Be3 Rc8 11. Rac1 O-O 12. Qh4 a6 13. b3 Rc7 14. Bh6 Re8 15.
Bxg7 Kxg7 16. Qd4 Qa8 17. g4 h6 18. h4 Kh7 19. g5 Nh5 20. Ne1 hxg5 21. hxg5 Nc5
22. Nd5 Bxd5 23. Bxd5 Qc8 24. Rc3 e5 25. Qh4 Kg7 26. Rh3 Rh8 27. Bf3 Qd8 28.
Bg4 Ra7 29. Nd3 Ne4 30. Nxe5 Qxg5 31. Nf3 Qxh4 32. Rxh4 Nf4 33. Rxh8 Kxh8 34.
Nd4 f5 35. e3 fxg4 36. exf4 Rf7 37. Ne2 Rf6 38. Kg2 Kg7 39. Rd4 Re6 40. Ng3 Nc3
41. a4 Kf6 42. Rd3 Na2 43. Nf1 Nc1 44. Rd1 Nxb3 45. Rb1 Nc5 46. Rxb6 Kf5 47.
Kg3 Ne4+ 48. Kg2 Nc5 49. Kg3 Re1 50. Ne3+ Ke6 51. Kxg4 Rg1+ 52. Kf3 Ra1 53. Kg4
Rg1+ 54. Kf3 Ra1 55. Kg4 1/2-1/2

[Event "Landsturneringen - Elite"]
[Site "Oslo"]
[Date "2011.07.07"]
[Round "6"]
[White "Østenstad, Berge"]
[Black "Gabrielsen, Stig"]
[Result "1-0"]
[WhiteElo "2462"]
[BlackElo "2297"]
[PlyCount "63"]
[EventDate "2011.??.??"]
[EventType "swiss"]
[EventRounds "9"]

1. Nf3 c5 2. c4 g6 3. e4 Bg7 4. d4 cxd4 5. Nxd4 Nc6 6. Be3 Nf6 7. Nc3 O-O 8.
Be2 d6 9. O-O Bd7 10. Nc2 a5 11. f3 Nb4 12. Na3 Bc6 13. Qd2 Nd7 14. Nab5 Nc5
15. Rad1 Ne6 16. f4 b6 17. Bf3 Nc5 18. Qe2 Qb8 19. a3 Nba6 20. Qc2 Rd8 21. Nd5
Re8 22. e5 Kh8 23. exd6 exd6 24. Bd4 Ne6 25. Bc3 Nac5 26. f5 Ng5 27. Nbc7 Nxf3+
28. Rxf3 Bxd5 29. Bxg7+ Kxg7 30. Nxe8+ Qxe8 31. Qc3+ Kg8 32. Rxd5 1-0

[Event "Landsturneringen - Elite"]
[Site "Oslo"]
[Date "2011.07.07"]
[Round "6"]
[White "Johannessen, Leif Erlend"]
[Black "Forså, Espen"]
[Result "1-0"]
[WhiteElo "2496"]
[BlackElo "2321"]
[PlyCount "53"]
[EventDate "2011.??.??"]
[EventType "swiss"]
[EventRounds "9"]

1. Nf3 c5 2. c4 Nc6 3. Nc3 e5 4. e3 Nf6 5. d4 cxd4 6. exd4 e4 7. Ne5 Bb4 8. Be2
Qa5 9. Nxc6 dxc6 10. O-O O-O 11. Bd2 Bxc3 12. Bxc3 Qg5 13. Qc1 Qg6 14. Re1 Bh3
15. Bf1 Nh5 16. Qe3 Bf5 17. d5 cxd5 18. cxd5 Qd6 19. Rad1 Rfd8 20. f3 exf3 21.
Qxf3 Qg6 22. Rd4 Nf6 23. Re5 Bb1 24. h4 h6 25. h5 Qh7 26. d6 Re8 27. d7 1-0

[Event "Landsturneringen - Elite"]
[Site "Oslo"]
[Date "2011.07.07"]
[Round "6"]
[White "Getz, Nicolai"]
[Black "Djurhuus, Rune"]
[Result "0-1"]
[WhiteElo "2385"]
[BlackElo "2459"]
[PlyCount "80"]
[EventDate "2011.??.??"]
[EventType "swiss"]
[EventRounds "9"]

1. d4 Nf6 2. c4 d6 3. Nc3 Nbd7 4. e4 e5 5. d5 Be7 6. Nge2 O-O 7. Ng3 Ne8 8. Bd3
Bg5 9. Bxg5 Qxg5 10. h4 Qd8 11. Qd2 Nc5 12. Bc2 a5 13. O-O-O a4 14. Nf5 Bd7 15.
g4 c6 16. g5 Bxf5 17. exf5 Qa5 18. f6 Qb4 19. fxg7 Nxg7 20. dxc6 bxc6 21. Ne4
Qxc4 22. Nxc5 dxc5 23. Qd3 Qxd3 24. Rxd3 Rfb8 25. Re1 Rb4 26. Rxe5 Rxh4 27.
Rxc5 Ne6 28. Rxc6 Rf4 29. Rg3 Rxf2 30. g6 hxg6 31. Bxg6 Kf8 32. Bh5 Nd4 33. Rc4
Nb3+ 34. Kd1 Rxb2 35. axb3 a3 36. Kc1 Ra5 37. Ra4 Rc5+ 38. Kd1 Rxh5 39. Ra8+
Ke7 40. Re3+ Kf6 0-1

[Event "Landsturneringen - Elite"]
[Site "Oslo"]
[Date "2011.07.07"]
[Round "6"]
[White "David, Edwin"]
[Black "Gabrielsen, Trond"]
[Result "1/2-1/2"]
[WhiteElo "2277"]
[BlackElo "2290"]
[PlyCount "27"]
[EventDate "2011.??.??"]
[EventType "swiss"]
[EventRounds "9"]

1. e4 Nf6 2. e5 Nd5 3. d4 d6 4. Nf3 dxe5 5. Nxe5 c6 6. Bc4 Nd7 7. O-O Nxe5 8.
dxe5 Bf5 9. Bd3 Bxd3 10. Qxd3 e6 11. a3 Ne7 12. Qe2 Ng6 13. Nc3 Be7 14. f4
1/2-1/2

[Event "Landsturneringen - Elite"]
[Site "Oslo"]
[Date "2011.07.07"]
[Round "6"]
[White "Tjølsen, Katrine"]
[Black "Kovachev, Daniel J"]
[Result "0-1"]
[WhiteElo "2225"]
[BlackElo "2315"]
[PlyCount "88"]
[EventDate "2011.??.??"]
[EventType "swiss"]
[EventRounds "9"]

1. d4 d6 2. Nf3 Bg4 3. c4 g6 4. Qb3 Qc8 5. h3 Bd7 6. e4 Bg7 7. Be3 e6 8. Nc3
Ne7 9. Be2 a5 10. O-O O-O 11. Qc2 Nbc6 12. Qd2 f5 13. d5 Ne5 14. Bg5 Re8 15.
Nxe5 Bxe5 16. Rfe1 Bg7 17. dxe6 Bxe6 18. Nd5 Nxd5 19. exd5 Bf7 20. Bd3 Qd7 21.
Rxe8+ Rxe8 22. Qxa5 Bxb2 23. Rb1 b6 24. Qd2 Bg7 25. Bf1 Qa4 26. Rc1 Ra8 27. Rc2
Qa3 28. h4 h5 29. Be3 Qa4 30. g3 Be5 31. Bd3 Qe8 32. Qc1 Ra5 33. Re2 Qa8 34.
Qb1 Ra3 35. Bc1 Ra4 36. Qc2 Ra5 37. Qd2 Qd8 38. Qh6 Bg7 39. Qe3 Be5 40. Kg2 Ra4
41. Qd2 b5 42. cxb5 Qa8 43. Kh2 Qxd5 44. Qe3 Rxh4+ 0-1

[Event "Landsturneringen - Elite"]
[Site "Oslo"]
[Date "2011.07.07"]
[Round "6"]
[White "Urkedal, Frode"]
[Black "Elsness, Frode"]
[Result "1/2-1/2"]
[WhiteElo "2448"]
[BlackElo "2485"]
[PlyCount "75"]
[EventDate "2011.??.??"]
[EventType "swiss"]
[EventRounds "9"]

1. d4 Nf6 2. c4 g6 3. Nc3 d5 4. Bf4 Bg7 5. e3 O-O 6. Qb3 c5 7. cxd5 cxd4 8.
exd4 Qa5 9. Be2 Na6 10. Nf3 Nb4 11. O-O Nbxd5 12. Nxd5 Nxd5 13. Bd2 Qd8 14.
Rac1 Nb6 15. Qa3 Be6 16. Rfd1 Re8 17. Ng5 Bd5 18. Bb5 Bc6 19. Bxc6 bxc6 20. Qh3
h5 21. Rxc6 Qxd4 22. Rxg6 Qg4 23. Qxg4 hxg4 24. Rc6 Bxb2 25. Rb1 Bd4 26. Bc3
Rad8 27. h3 gxh3 28. Nxh3 Bxc3 29. Rxc3 Rd2 30. Ra3 Rd7 31. Rb4 Rc8 32. Rg3+
Kf8 33. Rh4 e6 34. Rf3 Rc4 35. Rh5 Rg4 36. Rg5 Rxg5 37. Nxg5 Kg7 38. Ra3
1/2-1/2

[Event "Landsturneringen - Elite"]
[Site "Oslo"]
[Date "2011.07.08"]
[Round "7"]
[White "Djurhuus, Rune"]
[Black "Elsness, Frode"]
[Result "1/2-1/2"]
[WhiteElo "2459"]
[BlackElo "2485"]
[PlyCount "231"]
[EventDate "2011.??.??"]
[EventType "swiss"]
[EventRounds "9"]

1. Nf3 Nf6 2. c4 g6 3. Nc3 d5 4. cxd5 Nxd5 5. g3 Bg7 6. Bg2 Nb6 7. O-O Nc6 8.
d3 O-O 9. Be3 h6 10. Rc1 e5 11. Qd2 Kh7 12. Bc5 Re8 13. Rfd1 Be6 14. h3 Qd7 15.
Kh2 Rad8 16. b3 f5 17. e3 Qf7 18. Qc2 Rd7 19. Ng1 Red8 20. Nge2 Kh8 21. d4 exd4
22. Nxd4 Nxd4 23. Bxd4 Bxd4 24. Rxd4 Rxd4 25. exd4 c6 26. Re1 Kh7 27. Qe2 Re8
28. Qd2 g5 29. d5 cxd5 30. Nb5 Qd7 31. a4 a6 32. Nd4 Bf7 33. Rxe8 Bxe8 34. Qc2
Bg6 35. Qc5 Nc8 36. Bxd5 b6 37. Qc4 Ne7 38. Be6 Qb7 39. Qe2 Qe4 40. Qxe4 fxe4
41. Bc4 a5 42. Ne6 Be8 43. Kg2 Kg6 44. h4 Kf6 45. hxg5+ hxg5 46. Kf1 Bd7 47.
Nd4 Ke5 48. Nc2 Nf5 49. Ke2 Nd4+ 50. Nxd4 Kxd4 51. Bf7 Bc6 52. Kd2 Bb7 53. Bg8
Bc6 54. Bf7 Bd5 55. Bxd5 Kxd5 56. Ke3 Ke5 57. f3 exf3 58. Kxf3 Kd4 59. Kg4 Kc3
60. Kxg5 Kxb3 61. g4 Kxa4 62. Kh6 b5 63. g5 b4 64. g6 b3 65. g7 b2 66. g8=Q
b1=Q 67. Qc4+ Qb4 68. Qd3 Qc5 69. Kh7 Kb4 70. Qb1+ Kc4 71. Qf1+ Kd5 72. Qf5+
Kc6 73. Qc8+ Kb6 74. Qe6+ Qc6 75. Qb3+ Ka7 76. Qe3+ Kb7 77. Qb3+ Ka8 78. Qg8+
Ka7 79. Qg1+ Kb7 80. Qb1+ Ka8 81. Qa2 a4 82. Qa3 Qe4+ 83. Kh8 Kb7 84. Qb2+ Kc6
85. Qc3+ Kb5 86. Qb2+ Kc4 87. Qa2+ Kc5 88. Qa3+ Kd5 89. Qa2+ Ke5 90. Qh2+ Ke6
91. Qh6+ Kd5 92. Qa6 Qe5+ 93. Kh7 Qe7+ 94. Kh8 Qh4+ 95. Kg8 Qc4 96. Qa8+ Ke6
97. Kh8 Qd4+ 98. Kh7 Qd7+ 99. Kh6 Kf6 100. Qf3+ Ke7 101. Qa8 Qd6+ 102. Kh7 a3
103. Qe4+ Qe6 104. Qb4+ Qd6 105. Qe4+ Kf7 106. Qf3+ Ke8 107. Qa8+ Kd7 108. Qa4+
Ke6 109. Qe4+ Qe5 110. Qc6+ Kf7 111. Qf3+ Qf6 112. Qb3+ Qe6 113. Qf3+ Qf6 114.
Qb3+ Qe6 115. Qf3+ Qf6 116. Qb3+ 1/2-1/2

[Event "Landsturneringen - Elite"]
[Site "Oslo"]
[Date "2011.07.08"]
[Round "7"]
[White "Gabrielsen, Stig"]
[Black "David, Edwin"]
[Result "1-0"]
[WhiteElo "2297"]
[BlackElo "2277"]
[PlyCount "82"]
[EventDate "2011.??.??"]
[EventType "swiss"]
[EventRounds "9"]

1. e4 e6 2. d4 d5 3. Nc3 Bb4 4. e5 c5 5. a3 Bxc3+ 6. bxc3 Qa5 7. Bd2 Qa4 8. Nf3
c4 9. h4 Nc6 10. h5 h6 11. Ra2 Bd7 12. Nh4 Nge7 13. Qg4 Rg8 14. Qe2 O-O-O 15.
g3 Qa5 16. Bh3 g5 17. Ng2 Rdf8 18. Ne3 f5 19. exf6 Rxf6 20. Ng4 Rff8 21. O-O e5
22. dxe5 Be6 23. Bg2 d4 24. Rb1 Rd8 25. Nf6 Rg7 26. Ne4 d3 27. Qd1 Qxe5 28.
Rab2 b6 29. cxd3 Rxd3 30. Rb5 Qc7 31. Qa4 Nd5 32. Qa6+ Kd8 33. Be1 Ne5 34. R5b2
Nf4 35. Bh1 Nh3+ 36. Kf1 Rf7 37. Rd2 Bd5 38. Rbd1 Ke7 39. Bg2 g4 40. Qb5 Kf8
41. Rxd3 Bc6 1-0

[Event "Landsturneringen - Elite"]
[Site "Oslo"]
[Date "2011.07.08"]
[Round "7"]
[White "Kovachev, Daniel J"]
[Black "Johannessen, Leif Erlend"]
[Result "0-1"]
[WhiteElo "2315"]
[BlackElo "2496"]
[PlyCount "50"]
[EventDate "2011.??.??"]
[EventType "swiss"]
[EventRounds "9"]

1. e4 c6 2. d4 d5 3. e5 Bf5 4. Nf3 e6 5. Be2 Nd7 6. O-O Bg6 7. b3 Nh6 8. Bb2
Be7 9. c4 O-O 10. Nc3 Nf5 11. Qd2 Bh5 12. Rad1 f6 13. Rfe1 Bxf3 14. Bxf3 fxe5
15. dxe5 Nh4 16. Bg4 Bc5 17. Rf1 Nxe5 18. Qe2 Qg5 19. h3 h5 20. Bc1 Qg6 21.
Qxe5 hxg4 22. Qg3 gxh3 23. Qxh3 Rf5 24. Rd3 Raf8 25. Qxh4 Rxf2 0-1

[Event "Landsturneringen - Elite"]
[Site "Oslo"]
[Date "2011.07.08"]
[Round "7"]
[White "Gabrielsen, Trond"]
[Black "Hole, Øystein"]
[Result "0-1"]
[WhiteElo "2290"]
[BlackElo "2383"]
[PlyCount "82"]
[EventDate "2011.??.??"]
[EventType "swiss"]
[EventRounds "9"]

1. e4 c6 2. d4 d5 3. e5 c5 4. dxc5 e6 5. Nf3 Bxc5 6. Bd3 Ne7 7. O-O Nbc6 8. a3
a6 9. Qe2 Ng6 10. Re1 Bd7 11. Be3 Be7 12. Bd2 O-O 13. Nc3 b5 14. Rad1 b4 15.
axb4 Nxb4 16. Bc1 Nxd3 17. Rxd3 Qb6 18. Nd4 Rfc8 19. Qh5 Rc4 20. Nce2 Qc7 21.
b3 Bb4 22. Rh3 h6 23. bxc4 Bxe1 24. Nf3 Qa5 25. g4 dxc4 26. Bxh6 gxh6 27. Qxh6
Bd2 28. Nxd2 Qxe5 29. Re3 Qa1+ 30. Kg2 Qf6 31. Kg3 Qg7 32. Qg5 f6 33. Qh5 Rb8
34. Nxc4 Rb5 35. Qh3 Rc5 36. Nb6 Bc6 37. f4 Rxc2 38. Rxe6 Nxf4 39. Kxf4 Qc7+
40. Kf5 Rc5+ 41. Kxf6 Qf7# 0-1

[Event "Landsturneringen - Elite"]
[Site "Oslo"]
[Date "2011.07.08"]
[Round "7"]
[White "Tjølsen, Katrine"]
[Black "Getz, Nicolai"]
[Result "1/2-1/2"]
[WhiteElo "2225"]
[BlackElo "2385"]
[PlyCount "41"]
[EventDate "2011.??.??"]
[EventType "swiss"]
[EventRounds "9"]

1. d4 e6 2. c4 Nf6 3. Nf3 d5 4. Nc3 Be7 5. Bg5 h6 6. Bh4 O-O 7. e3 Ne4 8. Bxe7
Qxe7 9. Rc1 c6 10. Bd3 Nxc3 11. Rxc3 Nd7 12. cxd5 exd5 13. O-O a5 14. Qc2 Nf6
15. Ne5 Ng4 16. Nxg4 Bxg4 17. Rc5 Bd7 18. Rc1 Qd6 19. Qe2 Rfc8 20. R5c3 b6 21.
Ba6 1/2-1/2

[Event "Landsturneringen - Elite"]
[Site "Oslo"]
[Date "2011.07.08"]
[Round "7"]
[White "Smith, Axel"]
[Black "Urkedal, Frode"]
[Result "1-0"]
[WhiteElo "2450"]
[BlackElo "2448"]
[PlyCount "48"]
[EventDate "2011.??.??"]
[EventType "swiss"]
[EventRounds "9"]

1. e4 e5 2. Nf3 Nc6 3. Bc4 Nf6 4. Ng5 d5 5. exd5 Na5 6. Bb5+ c6 7. dxc6 bxc6 8.
Bd3 Nd5 9. Nf3 Bd6 10. O-O Nf4 11. Re1 Nxd3 12. cxd3 O-O 13. Nxe5 c5 14. Nc3
Bb7 15. b3 Qg5 16. Nf3 Qg6 17. Ne4 Rfe8 18. Bb2 f5 19. Nh4 Bxh2+ 20. Kh1 Qf7
21. Ng5 Qc7 22. Qh5 g6 23. Nxg6 Rxe1+ 24. Rxe1 Bd6 1-0

[Event "Landsturneringen - Elite"]
[Site "Oslo"]
[Date "2011.07.09"]
[Round "8"]
[White "Sahl, Bjarke"]
[Black "David, Edwin"]
[Result "1-0"]
[WhiteElo "2363"]
[BlackElo "2277"]
[PlyCount "82"]
[EventDate "2011.??.??"]
[EventType "swiss"]
[EventRounds "9"]

1. e4 e6 2. d4 d5 3. e5 c5 4. c3 Nc6 5. Nf3 Qb6 6. a3 c4 7. g3 Bd7 8. Nh4 O-O-O
9. f4 f6 10. Nf3 Nh6 11. Bh3 Nf7 12. Bg2 Be7 13. Nbd2 fxe5 14. fxe5 Rhf8 15.
Qe2 g5 16. h3 h5 17. g4 Nh6 18. Nh2 hxg4 19. hxg4 Nf7 20. Ndf3 Nh8 21. Bxg5
Bxg5 22. Nxg5 Ng6 23. Nh3 Nh4 24. Nf3 Nxg2+ 25. Qxg2 Na5 26. O-O Rh8 27. Nfg5
Rdg8 28. Rf4 Nc6 29. Qf2 Ne7 30. Kg2 Ng6 31. Rf6 Qb3 32. Kg3 Rg7 33. Rc1 Qb6
34. Qc2 Nxe5 35. dxe5 Qe3+ 36. Nf3 Be8 37. Nf2 Rhg8 38. Re1 Qb6 39. Nd4 Bh5 40.
Rf4 Rg5 41. Qe2 Rh8 1-0

[Event "Landsturneringen - Elite"]
[Site "Oslo"]
[Date "2011.07.09"]
[Round "8"]
[White "Kovachev, Daniel J"]
[Black "Djurhuus, Rune"]
[Result "0-1"]
[WhiteElo "2315"]
[BlackElo "2459"]
[PlyCount "128"]
[EventDate "2011.??.??"]
[EventType "swiss"]
[EventRounds "9"]

1. e4 c5 2. d3 d5 3. exd5 Nf6 4. c4 e6 5. dxe6 Bxe6 6. Nf3 Nc6 7. Be2 Qd7 8.
Nc3 Rd8 9. O-O Be7 10. Bf4 Bf5 11. Ne5 Nxe5 12. Bxe5 O-O 13. Qb3 b6 14. Rad1
Ng4 15. d4 Nxe5 16. dxe5 Qe6 17. Nd5 Qxe5 18. Bd3 Bxd3 19. Rxd3 Bf6 20. Rfd1
Rde8 21. Nxf6+ Qxf6 22. R3d2 Re4 23. f3 Re6 24. Qc3 Qxc3 25. bxc3 g6 26. Rd7
Re3 27. R1d3 Re2 28. Rd2 Rxd2 29. Rxd2 Re8 30. Kf2 Re7 31. h4 h5 32. g3 Kf8 33.
Rd8+ Kg7 34. Rd6 Rb7 35. Rc6 Kf8 36. Rc8+ Ke7 37. Ra8 Kd6 38. Ke3 Re7+ 39. Kd2
Kc6 40. a4 Rd7+ 41. Ke2 Kb7 42. Rg8 Ka6 43. f4 Ka5 44. f5 Kxa4 45. fxg6 fxg6
46. Rxg6 Kb3 47. Rh6 Kxc4 48. Rxh5 Kxc3 49. g4 c4 50. Rb5 Rd4 51. Kf3 Rd3+ 52.
Kg2 Kd2 53. Rf5 c3 54. Rf2+ Ke3 55. Rf3+ Ke4 56. Rf8 Rd5 57. Rf1 c2 58. Rc1 Rc5
59. h5 Ke5 60. g5 Kd4 61. Kf3 Rxg5 62. Rxc2 Rxh5 63. Rc7 a5 64. Ke2 Rc5 0-1

[Event "Landsturneringen - Elite"]
[Site "Oslo"]
[Date "2011.07.09"]
[Round "8"]
[White "Smith, Axel"]
[Black "Østenstad, Berge"]
[Result "0-1"]
[WhiteElo "2450"]
[BlackElo "2462"]
[PlyCount "103"]
[EventDate "2011.??.??"]
[EventType "swiss"]
[EventRounds "9"]

1. d4 Nf6 2. Nf3 g6 3. c4 Bg7 4. Nc3 d5 5. cxd5 Nxd5 6. e4 Nxc3 7. bxc3 c5 8.
Rb1 O-O 9. Be2 b6 10. O-O Bb7 11. d5 Bxc3 12. Bc4 Bg7 13. Qd3 Qc8 14. e5 Ba6
15. Bg5 Bxc4 16. Qxc4 e6 17. d6 Nd7 18. Rfe1 Qc6 19. Qh4 Qd5 20. Bh6 Nxe5 21.
Nxe5 Bxe5 22. Bxf8 Rxf8 23. Rbd1 Bd4 24. Qe7 Qc6 25. d7 Qc7 26. Rd3 Rd8 27. Rf3
Rxd7 28. Qe8+ Kg7 29. Rxe6 Rd8 30. Qe7 Qxe7 31. Rxe7 Bf6 32. Re1 Rd2 33. a3 c4
34. g4 h6 35. Rc1 b5 36. Kg2 a5 37. Rb1 Rb2 38. Rd1 Rb3 39. Rxb3 cxb3 40. Rd5
b4 41. a4 b2 42. Rd1 Bg5 43. Rb1 Bc1 44. Kf3 f5 45. Ke2 Kf6 46. Kd3 Ke5 47. Kc4
Ke4 48. h3 f4 49. h4 h5 50. Kb3 Kd3 51. f3 Kd4 52. Ka2 0-1

[Event "Landsturneringen - Elite"]
[Site "Oslo"]
[Date "2011.07.09"]
[Round "8"]
[White "Urkedal, Frode"]
[Black "Gabrielsen, Stig"]
[Result "1-0"]
[WhiteElo "2448"]
[BlackElo "2297"]
[PlyCount "60"]
[EventDate "2011.??.??"]
[EventType "swiss"]
[EventRounds "9"]

1. d4 Nf6 2. c4 g6 3. Nc3 d5 4. Nf3 Bg7 5. Bf4 c5 6. dxc5 Qa5 7. cxd5 Nxd5 8.
Qxd5 Bxc3+ 9. Bd2 Bxd2+ 10. Qxd2 Qxd2+ 11. Kxd2 O-O 12. e4 Bd7 13. Rc1 a5 14.
Ke3 Rc8 15. Rc3 Be6 16. Bb5 a4 17. Nd4 Ra5 18. b4 axb3 19. axb3 Ra3 20. Nxe6
fxe6 21. Rd1 Kf8 22. Ba4 Kf7 23. Kf4 Na6 24. Rdc1 Nb4 25. Rf3 Kf6 26. Kg3+ Kg7
27. Bd7 Rf8 28. Rxf8 Kxf8 29. Bxe6 Nd3 30. Rc3 Nb4 1-0

[Event "Landsturneringen - Elite"]
[Site "Oslo"]
[Date "2011.07.09"]
[Round "8"]
[White "Moen, Andreas"]
[Black "Gabrielsen, Trond"]
[Result "1-0"]
[WhiteElo "2333"]
[BlackElo "2290"]
[PlyCount "101"]
[EventDate "2011.??.??"]
[EventType "swiss"]
[EventRounds "9"]

1. e4 Nf6 2. e5 Nd5 3. d4 d6 4. Nf3 dxe5 5. Nxe5 c6 6. Be2 Nd7 7. c4 Nc7 8. Nf3
g6 9. O-O Bg7 10. Nc3 O-O 11. Bf4 Ne6 12. Be3 Nf6 13. h3 Nh5 14. Qd2 Qc7 15.
Rfd1 Rd8 16. Qe1 f5 17. d5 f4 18. Bd2 Nf8 19. Ng5 Bf5 20. Bxh5 gxh5 21. Qe2 h6
22. Nge4 Bg6 23. Qf3 e5 24. Rac1 Qf7 25. Qe2 Bf5 26. f3 Qg6 27. Kh2 Nh7 28. Be1
Ng5 29. h4 Nxe4 30. Nxe4 Bf8 31. b4 Rd7 32. dxc6 Rxd1 33. Rxd1 bxc6 34. b5 cxb5
35. cxb5 Rc8 36. Qd3 Kh7 37. Bf2 Rc7 38. Qd8 Rf7 39. Qa8 Rg7 40. Rg1 Qf7 41. a4
Be7 42. a5 Qb3 43. Qc6 Rg6 44. Qc7 Qe6 45. b6 axb6 46. a6 Bxe4 47. fxe4 Rg7 48.
a7 Qa2 49. Qxb6 Bd8 50. Qxd8 Qxf2 51. a8=Q 1-0

[Event "Landsturneringen - Elite"]
[Site "Oslo"]
[Date "2011.07.09"]
[Round "8"]
[White "Getz, Nicolai"]
[Black "Hole, Øystein"]
[Result "1/2-1/2"]
[WhiteElo "2385"]
[BlackElo "2383"]
[PlyCount "88"]
[EventDate "2011.??.??"]
[EventType "swiss"]
[EventRounds "9"]

1. d4 d5 2. c4 c6 3. Nf3 Nf6 4. e3 Bf5 5. Nc3 e6 6. Nh4 Bg6 7. Be2 Nbd7 8. O-O
Bd6 9. g3 O-O 10. Qb3 Qc7 11. Nxg6 hxg6 12. Rd1 dxc4 13. Bxc4 Nb6 14. Bf1 e5
15. dxe5 Bxe5 16. Bd2 Rad8 17. Be1 Rxd1 18. Rxd1 Rd8 19. Rc1 Qe7 20. Bg2 Rd3
21. Rd1 Rxd1 22. Qxd1 Nfd5 23. Nxd5 Nxd5 24. Qc2 Qd6 25. a3 Bf6 26. Bd2 Qe5 27.
Bc1 Nb6 28. Bf3 Qe6 29. Be2 Qd5 30. e4 Qd4 31. Kg2 Na4 32. b4 Nc3 33. Be3 Qxe4+
34. Qxe4 Nxe4 35. Bxa7 Nc3 36. Bc4 b5 37. Bb3 Na4 38. Bc2 Bb2 39. Be4 Bxa3 40.
Bxc6 Bxb4 41. Bxb5 Bc5 42. Bb8 Nb6 43. Bf4 Nd5 44. Be5 Nf6 1/2-1/2